Digital Library: (Record no. 174112)

MARC details
000 -LEADER
fixed length control field 00581nam a22001817a 4500
005 - DATE AND TIME OF LATEST TRANSACTION
control field 20210817150158.0
010 ## - LCCN (DPL NO)
LC control number ENG-128088
020 ## - INTERNATIONAL STANDARD BOOK NUMBER
Terms of availability 750.00
International Standard Book Number 9789381169094
035 ## - SYSTEM CONTROL NUMBER
System control number EN-111620
037 ## - SOURCE OF ACQUISITION
Source of stock number/acquisition DBAD/PUB
082 ## - DEWEY DECIMAL CLASSIFICATION NUMBER
Classification number 025.00285
100 ## - MAIN ENTRY--PERSONAL NAME
Personal name Nawathe, Manisha S.
245 ## - TITLE STATEMENT
Title Digital Library:
Remainder of title Management & Technologies /
Statement of responsibility, etc by Manisha S. Nawathe
260 ## - PUBLICATION, DISTRIBUTION, ETC. (IMPRINT)
Place of publication, distribution, etc Jaipur
Name of publisher, distributor, etc Vital Publications
Date of publication, distribution, etc 2013
270 ## - ADDRESS
Address D-19, Inderpuri, Lalkothi
City Jaipur
Postal code 302015
Electronic mail address vitalpublications@yahoo.co.in
300 ## - PHYSICAL DESCRIPTION
Extent 198p.
Dimensions 22cm(hbk)
942 ## - ADDED ENTRY ELEMENTS (KOHA)
Source of classification or shelving scheme Dewey Decimal Classification
Item type English Books
Classification part 025.00285
Call number suffix NAW
Holdings
Withdrawn status Lost status Not for loan Collection code Home library Current library Date acquired Source of acquisition Cost, normal purchase price Full call number Barcode Copy number Cost, replacement price Koha item type
      Non-fiction Shahdara Branch Shahdara Branch 17/03/2020 DBAD/PUB 750.00 025.00285 NAW EN-111620 1 750.00 English Books

© Delhi Public Library
Hit Counter
free hit counter